Kinetic Processes : Crystal Growth, Diffusion, and Phase Transitions in Materials /

Gardado en:
Detalles Bibliográficos
Autor Principal: Jackson, Kenneth A. (autor)
Formato: Libro
Idioma:inglés
Publicado: Weinheim, Alemania : Wiley-VCH, 2010, c2010
Edición:2a edición
Temas:
Etiquetas: Engadir etiqueta
Sen Etiquetas, Sexa o primeiro en etiquetar este rexistro!

MARC

LEADER 00000nam^a2200000^a^4500
001 000343488
005 20250521000000.0
009 20260310114623.026
020 |a 978-3-527-32736-2 
037 |a Acervo ITESO - Biblioteca 
041 |a ING 
082 |a 530. 136  |b JAC 
100 |a Jackson, Kenneth A.  |e (autor) 
245 1 0 |a Kinetic Processes :  |b Crystal Growth, Diffusion, and Phase Transitions in Materials /  |c K.A. Jackson. 
250 |a 2a edición  |b revisada y aumentada 
264 4 |a Weinheim, Alemania :  |b Wiley-VCH,  |c 2010, c2010 
300 |a XX, 433 p. 
336 |a texto  |b txt  |2 rdacontenido 
337 |a sin mediación  |b n  |2 rdamedio 
338 |a volumen  |b nc  |2 rdasoporte 
521 |a 2014 BO Licenciatura en Ingeniería de Alimentos 
649 |a XX 
650 |a Teoría Cinética de la Materia -  |x Tema Principal 
650 |a Crecimiento Cristalino 
650 |a Difusión (Materia) 
650 |a Teoría Molecular 
650 |a Fisicoquímica 
650 |a Física -  |x Teoría 
910 |a Fondo General 
920 |a Impresos - Libros 
930 |a Colección General 
905 |a 101 
901 |a 0500233577  |b IT1  |c ACC  |i C141435  |u 20250521 
901 |a 0500233517  |b IT1  |c ACC  |i C141436  |u 20250521 
902 |a https://opac.biblio.iteso.mx/vufind/Record/000343488